Music Quiz

Random Music or Song Quiz

Bon Jovi Crossroad song list (UK Version) Quiz Stats

 Plays Quiz not verified by Sporcle

Challenge
Share
Tweet
Embed
Score 0/15 Timer 10:00
0 Plays Today
% Correct
Livin' on a Prayer
95.9%
Always
94.6%
You Give Love a Bad Name
89.2%
Runaway
86.5%
Bed Of Roses
83.8%
Wanted Dead or Alive
82.4%
Bad Medicine
82.4%
Blaze of Glory
79.7%
% Correct
Keep The Faith
78.4%
I'll Be There For You
77%
Someday I'll Be Saturday Night
75.7%
Lay Your Hands On Me
71.6%
In and Out of Love
62.2%
In These Arms
56.8%
Never Say Goodbye
56.8%

You're not logged in!

Compare scores with friends on all Sporcle quizzes.
Join for Free
OR
Log In

You Might Also Like...

Show Comments

Extras

Top Quizzes Today


Score Distribution

Your Account Isn't Verified!

In order to create a playlist on Sporcle, you need to verify the email address you used during registration. Go to your Sporcle Settings to finish the process.

Report this User

Report this user for behavior that violates our Community Guidelines.

Details: